000 00750cam a22002533a 4500
001 10706
003 PGUSA
005 20140828083228.0
008 050316s2005||||xxu|||||s|||||000 | eng d
040 _aPGUSA
_beng
042 _adc
050 4 _aDG
100 1 _aMommsen, Theodor,
_d1817-1903
245 1 4 _aThe History of Rome (Volumes 1-5)
_h[electronic resource] /
_cTheodor Mommsen
260 _bProject Gutenberg,
_c2005
506 _aPublic domain in the USA.
516 _aElectronic text
653 _aRome -- History
700 1 _aDickson, William P.
_q(William Purdie),
_d1823-1901
740 0 _aRömische Geschichte. English
830 0 _aProject Gutenberg
_v10706
856 4 0 _uhttp://www.gutenberg.org/ebooks/10706
942 _cEB
999 _c239961
_d239961